| 000 | 013990000a22003130004500 | ||
|---|---|---|---|
| 003 | EG-GICUC | ||
| 005 | 20250223032100.0 | ||
| 008 | 070310s2003 ua d f m 000 0 eng d | ||
| 040 |
_aEG-GICUC _beng _cEG-GICUC |
||
| 041 | 0 | _aEng | |
| 049 | _aDeposite | ||
| 097 | _aM.Sc | ||
| 099 | _aCai01.13.05.M.Sc.2003.Ya.E | ||
| 100 | 0 | _aYasser Mohamed Fouad Salama Hamza | |
| 245 | 1 | 0 |
_aEvaluation of predication methods for large diameter bored piles under axial loads statistical and neural networks approach / _cYasser Mohamed Fouad Salama Hamza ; Supervised Ahmed Amr Darrag , Mostafa Abukiefa |
| 246 | 1 | 5 | _aتقييم طرق التنبؤ لخوازيق التثقيب ذات القطر الكبير تحت الاحمال المحورية باستخدام الطرق الاحصائية والشبكات العصبية فى الاستنتاج |
| 260 |
_aCairo : _bYasser Mohamed Fouad Salama Hamza , _c2003 |
||
| 300 |
_a180P : _bcharts ; _c30cm |
||
| 502 | _aThesis (M.Sc.) - Cairo University - Faculty Of Engineering - Department Of Civil Engineering | ||
| 530 | _aIssued also as CD | ||
| 653 | 4 | _alarge diameter bored piles | |
| 653 | 4 | _aneural networks approach | |
| 700 | 0 |
_aAhmed Amr Darrag , _eSupervisor |
|
| 700 | 0 |
_aMostafa Abukiefa , _eSupervisor |
|
| 856 | _uhttp://172.23.153.220/th.pdf | ||
| 905 |
_aAmira _eCataloger |
||
| 905 |
_aEsam _eRevisor |
||
| 942 |
_2ddc _cTH |
||
| 999 |
_c67978 _d67978 |
||